It looks like you're offline.
Open Library logo
additional options menu

MARC record from Internet Archive

LEADER: 01492mam 22003371 4500
001 3111556
005 20070926112832.0
008 750623s1920 nyu b 000 0 eng
010 $a 20019591
035 $a(NIC)notisAQD6795
035 $a(OCoLC)1404657
035 $a3111556
040 $aDLC$cNmU$d*SER*$dOCoLC$dMBNU$dOCoLC$dNN$dCStRLIN$dNIC
050 0 $aZ8757.3$b.W56
100 1 $aWheelock, John Hall,$d1886-1978.
245 12 $aA bibliography of Theodore Roosevelt,$cby John Hall Wheelock.
260 $aNew York,$bC. Scribner's Sons,$c1920.
300 $a32 p.$c26 cm.
500 $a"The following is a reasonably complete bibliography of everything between covers by, or about, Theodore Roosevelt published previous to May 1, 1920, including collected works, selections from his works, translations of his works into the principal foreign languages and, to some extent, books in English containing articles by or about him."
500 $aState papers, presidential messages, documents, addresses, etc., are not listed.
500 $aOne of five hundred copies printed.
541 $aRare Annex copy 1: Gift of Elon H. Hooker, 1894.
600 10 $aRoosevelt, Theodore,$d1858-1919$xBibliography.
903 $aKirtas$d20070926$p31924031040409
905 $a19971120120000.0
948 $ar:mrr
948 2 $a20021001$bx$darc3$ects$f?$h?
948 2 $a20070703$bm$ddct6$ects
948 1 $a20070703$bl$ddct6$ects
948 2 $a20070703$bw$ddct6$ects
995 $aHivolm$d20070307